[Event "SVK-ch U12"]
[Site "Lubovna"]
[Date "2013.04.09"]
[Round "5"]
[White "Budinsky, Radovan"]
[Black "Matis, Tibor"]
[Result "0-1"]
[WhiteElo "1000"]
[BlackElo "1262"]
[PlyCount "68"]
[EventDate "2013.04.06"]
[EventType "swiss"]
[EventRounds "9"]
[EventCountry "SVK"]
[SourceTitle "CBM 153 Extra"]
[Source "ChessBase"]
[SourceDate "2013.04.22"]
[SourceVersion "1"]
[SourceVersionDate "2013.04.22"]
[SourceQuality "1"]

1. d4 d5 2. c4 Nc6 3. e3 Nf6 4. Nc3 e6 5. Qb3 Na5 6. Qa4+ c6 7. cxd5 b5 8. Nxb5 cxb5 9. Bxb5+ Bd7 10. Bxd7+ Nxd7 11. Bd2 Nb7 12. Qb3 Rb8 13. dxe6 fxe6 14. Qxe6+ Qe7 15. Qc6 Qd6 16. Qe4+ Be7 17. a3 Nf6 18. Qe5 Kf7 19. Qf5 Qc6 20. e4 Nd6 21. Qf3 Qxe4+ 22. Qxe4 Ndxe4 23. Bc3 Nxc3 24. bxc3 Rb2 25. Ne2 Rhb8 26. Rd1 Ra2 27. f3 Rbb2 28. Nf4 g5 29. Nd3 Rxg2 30. Ne5+ Kg7 31. d5 Nh5 32. d6 Nf4 33. dxe7 Rae2+ 34. Kf1 Rgf2+ 0-1

[Event "SVK-ch U12"]
[Site "Lubovna"]
[Date "2013.04.06"]
[Round "1"]
[White "Durica, Adam"]
[Black "Budinsky, Radovan"]
[Result "1-0"]
[WhiteElo "1346"]
[BlackElo "1000"]
[PlyCount "121"]
[EventDate "2013.04.06"]
[EventType "swiss"]
[EventRounds "9"]
[EventCountry "SVK"]
[SourceTitle "CBM 153 Extra"]
[Source "ChessBase"]
[SourceDate "2013.04.22"]
[SourceVersion "1"]
[SourceVersionDate "2013.04.22"]
[SourceQuality "1"]

1. e4 e5 2. Nf3 Nc6 3. Bc4 Bc5 4. d3 d6 5. Ng5 Nh6 6. h3 Qf6 7. Nf3 0-0 8. Nc3 Nd4 9. Nxd4 Bxd4 10. 0-0 c6 11. a4 a5 12. Rb1 Be6 13. Bxe6 fxe6 14. Be3 Bxe3 15. fxe3 Qg5 16. Qe2 d5 17. exd5 exd5 18. e4 d4 19. Na2 b6 20. c3 c5 21. Kh1 Rab8 22. cxd4 exd4 23. Qc2 Rbc8 24. Qc4+ Kh8 25. Rxf8+ Rxf8 26. Qe6 Qf6 27. Qxf6 Rxf6 28. Kg1 g5 29. Rf1 Rxf1+ 30. Kxf1 Kg7 31. Kf2 Kf6 32. Kf3 Ke5 33. b3 Nf7 34. Kg4 h6 35. g3 Kf6 36. Nc1 Nd6 37. Kh5 Kg7 38. Ne2 b5 39. h4 gxh4 40. gxh4 b4 41. Nf4 Nf7 42. Ne6+ Kf6 43. Nxc5 Ke5 44. Kg4 Nd6 45. Nd7+ Ke6 46. Nb6 Ke5 47. h5 Nxe4 48. Nc4+ Kd5 49. dxe4+ Kxe4 50. Nxa5 Ke3 51. Nc4+ Ke2 52. a5 d3 53. a6 d2 54. Nxd2 Kxd2 55. a7 Kc3 56. a8Q Kxb3 57. Qa1 Kc2 58. Qa2+ Kc3 59. Qb1 b3 60. Kf5 b2 61. Kg6 1-0